| 000 | 00546nam a22001817a 4500 | ||
|---|---|---|---|
| 010 | _aENG-120701 | ||
| 020 |
_a9788190253864 _c200.00 |
||
| 035 | _aEN-104233 | ||
| 037 | _bDBAD/PUB | ||
| 082 | _a954 | ||
| 100 | _aGandhi, M.K. | ||
| 245 |
_aIndian India / _cby M.K.Gandhi: edited by Dewan Ram Prakash |
||
| 260 |
_aKolkata _bAkanksha Publisher And Distributor _c2011 |
||
| 270 |
_a14, South Park, Sontoshpur, _bKolkata _e700075 |
||
| 300 |
_a64p. _b21cm(Hb). |
||
| 700 | _aPrakash, Dewan Ram | ||
| 942 |
_2ddc _cEN _h954 _mGAN |
||
| 999 |
_c144901 _d144901 |
||